1712 1767 1689 1317 1019 1174 1568 1245 1797 1051 1490 1191 1651 1741 1297 1177 1271 1980 1474 1044 1424 1089 1450 1709 1955 1997 1312 1771 1873 1786 1846 1180 1908 1076 1457 1876 1339 1873 1300 1036 1341 1700 1220 1615 1981 1263 1365 1943 1604 1656 1139 1942 1496 1267 1396 1050 1335 1389 1219 1648 1406 1026 1356 1045 1988 1020 1231 1605 1777 1522 1175 1909 1323 1066 1302 1743 1627 1480 1737 1942 1225 1853 1925 1183 1330 1874 1279 1016 1080 1144 1797 1091 1655 1406 1096 1116 1310 1779 1426 BCNSPRNW ULIB Ver.6.0+V

เปลี่ยนเป็นภาษาไทย

Change to English
 แสดงรายละเอียดบรรณานุกรม
  กลับหน้าหลัก

Brief Record : Get Marc (ISO 2709) : E-mail record : QR code < ปิดหน้าต่าง
LEADER : 00000nam 2200000uu 4500
001    13399112741
003     ULIB
008    110627s2550||||th 000 0 tha d
020    9789748290256
090    นว.^bค774ร 2550
100 0  เคลียร์ ไอซ์
245 00 ร้อยเล่ห์...เพทุบายรัก/^cเคลียร์ ไอซ์
250    พิมพ์ครั้งที่ 2
260    กรุงเทพฯ :^bแจ่มใส,^c2550
300    201 หน้า
710 1  แจ่มใส
945    ^p159^l0^i021012
995    ทศพร
999 ^a ใช้งานได้ทุกระบบ
รายการนี้ยังไม่มีแท็ก
คุณยังไม่ได้ล็อกอิน คุณสามารถมีกิจกรรมร่วมกับเว็บไซต์ได้ แต่ต้องล็อกอินก่อน ::
  ล็อกอิน

รายการสื่อสารสนเทศ

ลำดับที่ ประเภท เลขเรียก/บาร์โค้ด สถานที่ สถานะ
- ไม่พบข้อมูล -

BibComment


ยังไม่เคยถูกคอมเมนท์

คอมเมนท์ทรัพยากรรายการนี้
  คอมเมนท์: ร้อยเล่ห์เพทุบายร..


 Copyright 2026. Bcnsprnw @Library